000
00344nam a22001097a 4500
040
_c
HS
082
_a
570
100
_a
ឌុក ឆេង
245
_a
ជីវវិទ្យា
260
_a
វិទ្យាស្ថានបច្ចេកទេសកសិកម្ម ចំការដូង
_b
ឌុក ឆេង
_c
1994
942
_c
KB
999
_c
8479
_d
8479